How to get to the top (Record no. 24408)

MARC details
000 -LEADER
fixed length control field 00338nam a2200133Ia 4500
082 ## - DEWEY DECIMAL CLASSIFICATION NUMBER
Classification number 658.3
Item number PAR
100 ## - MAIN ENTRY--AUTHOR NAME
Personal name Parkinson, C Northcote
245 #0 - TITLE STATEMENT
Title How to get to the top
260 ## - PUBLICATION, DISTRIBUTION, ETC. (IMPRINT)
Place of publication Delhi
Name of publisher Macmillan
Year of publication 1974
650 ## - SUBJECT ADDED ENTRY--TOPICAL TERM
Topical Term Personnel management
700 ## - ADDED ENTRY--PERSONAL NAME
Personal name Rustomji, M K
942 ## - ADDED ENTRY ELEMENTS (KOHA)
Koha item type Books
Holdings
Withdrawn status Lost status Damaged status Not for loan Home library Current library Date acquired Cost, normal purchase price Full call number Accession Number Koha item type
        RRII Library RRII Library 16/12/2021 12.50 658.3 PAR 05090 Books